Stades Clubs Ligue 1 2023-2024 - Statistiques

Statistiques générales
  • Ce quiz a été pris 459 fois
  • Le résultat moyen est 10 sur 18
Statistiques - réponses
Club Stade % Correct
Paris Saint-Germain Parc des Princes
94%
Olympique de Marseille Orange Vélodrome
92%
Olympique Lyonnais Groupama Stadium
85%
AS Monaco Stade Louis II
85%
FC Nantes Stade de La Beaujoire
76%
RC Lens Stade Bollaert-Delelis
65%
OGC Nice Allianz Riviera
64%
Lille OSC Stade Pierre Mauroy
61%
Stade Rennais Roazhon Park
52%
Stade Brestois Stade Francis Le Blé
51%
RC Strasbourg Stade de la Meinau
50%
Montpellier HSC Stade de la Mosson
49%
Le Havre AC Stade Océane
49%
FC Metz Stade Saint-Symphorien
45%
Clermont-Ferrand Stade Gabriel Montpied
35%
FC Lorient Stade du Moustoir
32%
Toulouse FC Stadium de Toulouse
31%
Stade de Reims Stade Auguste-Delaune
29%
Aucun quiz correspondant
Distribution des résultats
% des personnes avec chaque résultat
Percentile par nombre de réponses
Votre historique - résultats
Vous n’avez pas pris ce quiz